00586nam a2200169 i 450000100060000000300090000600500170001500700030003200800410003510000410007624500650011726000380018230000210022085200320024199900170027395201260029082859ES-MaACL20230906174737.0t|041112s1960 sp ||||1| spa d1 aIglesia Alvariño, Aquilino.96506410aDe día a día b: poemas / cAquilino Iglesia Alvariño. aVillagarcía : bCelta, c[1960] a63 p. ; c25 cm. aES-MaACLjC-19206 bR.47162 c82859d82859 00104070aATENEOMbATENEOMcGaleríad2008-01-17eSCl0oC-19206p1086592r2023-02-23 00:00:00w2023-02-23yMONOGRAFIA